| 000 | 00381 a2200169 4500 | ||
|---|---|---|---|
| 003 | OSt | ||
| 005 | 20180116182716.0 | ||
| 008 | 160502b xxu||||| |||| 00| 0 eng d | ||
| 020 | _a9788131725726 | ||
| 040 | _c0 | ||
| 100 | _aSLACK, NIGEL | ||
| 245 | _aOPERATIONS STRATEGY. | ||
| 250 | _a2ND | ||
| 260 |
_aNEW DELHI _c2008 |
||
| 300 | _a470 | ||
| 942 |
_aNBS _cBK _k658.5 SLA _2ddc |
||
| 999 |
_c344539 _d344539 |
||